000 00872nam a22002297a 4500
999 _c65394
_d65394
005 20240530110822.0
008 190711s2017 ua a g 000 0 ara d
017 _bمصر. دار الكتب
020 _a9789933495909
040 _aEG-CaGPL
_cEG-CaGPL
082 0 4 _221
_a953.04 /
_bح و
100 0 _aحسين خالد مصلح الجبورى
245 1 2 _aالوفادات فى العصر العباسى 132 - 334 هـ / 749 - 945 م /
_cحسين خالد مصلح الجبورى
250 _aط.1
260 _aدمشق :
_bصفحات للدراسات والنشر والتوزيع،
_c2017 .
300 _a436 ص. ؛
_c24 سم.
650 0 7 _aالحضارة العربية
_2qrmak
650 0 7 _aالحضارة الاسلامية
_2qrmak
651 0 7 _2qrmak
_aالعصر العباسى
942 _2ddc
_cBK